header

FLUID MECHANICS (Record no. 251902)

MARC details
000 -LEADER
fixed length control field 00242nam a22001097a 4500
100 ## - MAIN ENTRY--AUTHOR NAME
Personal name MOHANTY A.K.
245 ## - TITLE STATEMENT
Title FLUID MECHANICS
250 ## - EDITION STATEMENT
Edition statement 2ND ED.
260 ## - PUBLICATION, DISTRIBUTION, ETC. (IMPRINT)
Place of publication INDIA
Name of publisher PRENTICE HALL PRIVATE LTD.
Year of publication 2004
300 ## - PHYSICAL DESCRIPTION
Number of Pages 530
Other physical details ILL
942 ## - ADDED ENTRY ELEMENTS (KOHA)
Koha item type Long Loan Books
Holdings
Withdrawn status Lost status Collection code Home library Current library Shelving location Date acquired Full call number Accession Number Koha item type
    Non-fiction Rongo University Library Rongo University Library General Stacks 15/01/2016 TA357 .M643 2004 20088550 Long Loan Books

© 2026 Rongo University
Contact us: librarian | system librarian | Rongo university